000 01194cam a22001814a 4500
005 20250605164343.0
008 250528s ||||||||||||||||||||||||d
035 _a23716
040 _aGR-AtMCL
_bgre
_dGR-AtMCL
_eAACR2
245 1 _aAn Empirical Analysis of the Effects of Advertising/Cognitive Versus Emotional Approach
260 _c2008
300 _a112
520 _aIntroduction, Literature Review, Advertising Objectives, How Advertising Works, Hierarchical Approach, The ELM Model, Cognitive Response Mode, Category Based Evaluation Strategies, Emotional Advertising, The Consumer Processing Model (CPM) and the Hedonic, Experiental Model (HEM), Methodology, Research Philosophy Approach Strategy, Data Collection, Research Design Requirements, Designing the Questionnaire, Data Reliability and Validity, Using Secondary Data for Analysis, Sample Size in Regression, Data Analysis, Descriptive Statistics, Normality of Distribution, Hypotheses Analysis, Simple Regression Analysis, ANOVA and T-Test, Research Findings and Discussion, References, Ref;ection and Self Development, Appendix.
700 1 _aStroumi Maria
_99271
942 _cDS
999 _c8673
_d8673